Major League Soccer Teams All Time - Statistics

General Stats
  • This quiz has been taken 44 times
    28 since last reset
  • The average score is 20 of 30
Answer Stats
MLS % Correct
LA Galaxy
85%
Miami Fusion
85%
FC Dallas
81%
Portland Timbers
81%
Seattle Sounders FC
81%
Chicago Fire
78%
Houston Dynamo
78%
New York Red Bulls
78%
Toronto FC
78%
Atlanta United FC
74%
Colorado Rapids
74%
Vancouver Whitecaps
74%
New York City FC
70%
Real Salt Lake
70%
Columbus Crew
67%
D.C. United
67%
Minnesota United FC
67%
San Jose Earthquakes
63%
New England Revolution
59%
Austin FC
56%
Los Angeles FC
56%
Montreal Impact
56%
Philadelphia Union
56%
Sporting Kansas City
56%
FC Cincinnati
52%
Nashville
52%
Orlando City SC
52%
Tampa Bay Mutiny
48%
Chivas USA
41%
Inter Miami CF
22%
No matching quizzes found
Score Distribution
Percent of People with Each Score
Percentile by Number Answered
Your Score History
You have not taken this quiz since the last reset